[Event "Auckland Anniversary Weekender 2017"]
[Site "Auckland NZL"]
[Date "2017.01.30"]
[Round "6"]
[White "Gong, Daniel Hanwen"]
[Black "Hague, Ben"]
[Result "0-1"]
[WhiteElo "2255"]
[BlackElo "2463"]
[PlyCount "64"]
[EventDate "2017.01.27"]

1. e4 c5 2. Nf3 Nc6 3. Nc3 e5 4. Bc4 Be7 5. d3 Nf6 6. Nd2 d6 7. Nf1 O-O 8. Ne3
Nd4 9. a4 Be6 10. Ncd5 Nxd5 11. Bxd5 Bxd5 12. Nxd5 Bg5 13. Be3 Bxe3 14. fxe3
Nc6 15. O-O Ne7 16. Nxe7+ Qxe7 17. Qd2 Qe6 18. b4 Rac8 19. b5 d5 20. exd5 Qxd5
21. c4 Qd6 22. Rad1 Rfd8 23. Qc3 Qe6 24. e4 Rd4 25. Rf3 Rcd8 26. Ra1 h6 27. a5
Qd6 28. Ra3 Qg6 29. a6 b6 30. Qc2 Qg5 31. Rg3 Qh4 32. Rh3 Qe1# 0-1

[Event "Auckland Anniversary Weekender 2017"]
[Site "Auckland NZL"]
[Date "2017.01.30"]
[Round "6"]
[White "Zhang, Jasmine Haomo"]
[Black "Garbett, Paul A"]
[Result "0-1"]
[WhiteElo "1837"]
[BlackElo "2331"]
[PlyCount "138"]
[EventDate "2017.01.27"]

1. d4 Nf6 2. c4 e6 3. Nc3 Bb4 4. e3 O-O 5. Bd3 d5 6. Nge2 dxc4 7. Bxc4 c5 8.
O-O cxd4 9. exd4 Nbd7 10. Bg5 Be7 11. Qd3 a6 12. a4 Qa5 13. Bf4 Nb6 14. Bb3
Nbd5 15. Be5 Bd7 16. Nxd5 Nxd5 17. Nc3 Bc6 18. Rfc1 Rac8 19. Ne4 Nf6 20. Nxf6+
Bxf6 21. Bc2 Rfd8 22. Qxh7+ Kf8 23. Bxf6 gxf6 24. Be4 Qd2 25. Bxc6 Rxc6 26.
Rxc6 bxc6 27. g3 Qxb2 28. Rb1 Qxd4 29. Qc2 c5 30. Rc1 Rd5 31. a5 Rf5 32. Qe2 c4
33. Rxc4 Qa1+ 34. Kg2 Qxa5 35. Rc8+ Kg7 36. h4 Qd5+ 37. Kg1 Qd4 38. Rc4 Qd7 39.
Kh2 a5 40. Rg4+ Kf8 41. Qb2 Qa7 42. Qa3+ Qc5 43. Qxc5+ Rxc5 44. Kg2 f5 45. Ra4
Kg7 46. Kf3 Rb5 47. Ke3 Kg6 48. Kd3 Kh5 49. Ke3 e5 50. Kf3 f6 51. Ke3 Kg6 52.
Kf3 Kh5 53. Ke3 Rd5 54. Kf3 Kg6 55. Ke3 e4 56. Kf4 Kh5 57. Ra3 Kg6 58. Ra2 Rb5
59. Ra3 Kf7 60. Ra4 Ke6 61. Ra3 Rd5 62. f3 Re5 63. Ke3 Kf7 64. Ra4 Kg6 65. fxe4
fxe4 66. Rxe4 a4 67. Rxe5 fxe5 68. Kd3 a3 69. Kc3 e4 0-1

[Event "Auckland Anniversary Weekender 2017"]
[Site "Auckland NZL"]
[Date "2017.01.30"]
[Round "6"]
[White "Steadman, Michael V R"]
[Black "Fan, Allen Chi Zhou"]
[Result "0-1"]
[WhiteElo "2328"]
[BlackElo "2153"]
[PlyCount "58"]
[EventDate "2017.01.27"]

1. e4 e6 2. Nf3 c5 3. d4 cxd4 4. Nxd4 a6 5. Nc3 Qc7 6. g3 b5 7. Bg2 Bb7 8. O-O
Nf6 9. Qe2 h5 10. h3 Nc6 11. Nf3 h4 12. e5 hxg3 13. exf6 gxf2+ 14. Qxf2 gxf6
15. Be3 f5 16. Bb6 Qb8 17. Rfe1 Bd6 18. Qe3 Nb4 19. Re2 Rg8 20. Bd4 Rg3 21. Kf1
Nd5 22. Nxd5 Bxd5 23. Qf2 Qb7 24. Re3 f4 25. Rd3 Ke7 26. Nh4 Bxg2+ 27. Nxg2 f3
28. Ne1 Rxh3 29. Rxf3 Rh1+ 0-1

[Event "Auckland Anniversary Weekender 2017"]
[Site "Auckland NZL"]
[Date "2017.01.30"]
[Round "6"]
[White "Gibbons, Robert E"]
[Black "Duneas, John"]
[Result "0-1"]
[WhiteElo "2057"]
[BlackElo "2183"]
[PlyCount "102"]
[EventDate "2017.01.27"]

1. d4 Nf6 2. Nf3 d5 3. Bg5 c6 4. c3 Ne4 5. Bh4 Qb6 6. Qb3 Bf5 7. Nbd2 Nxd2 8.
Nxd2 Nd7 9. f3 e5 10. Qxb6 axb6 11. dxe5 Nxe5 12. e4 dxe4 13. fxe4 Be6 14. b3
b5 15. Be2 Bd6 16. O-O Ba3 17. Rfb1 Bc5+ 18. Bf2 Bxf2+ 19. Kxf2 Ra3 20. Rb2 Ke7
21. Rc1 Rha8 22. Rcc2 f5 23. h3 g5 24. Nf3 Nxf3 25. Bxf3 f4 26. Bg4 Bxg4 27.
hxg4 Rd8 28. Rd2 Rxd2+ 29. Rxd2 Ke6 30. g3 Ke5 31. Re2 Ra8 32. Kf3 Rf8 33. Rh2
fxg3+ 34. Kxg3 Kxe4 35. Rxh7 Rf3+ 36. Kg2 Rxc3 37. Rxb7 Kf4 38. Rf7+ Kxg4 39.
Rf2 b4 40. Rd2 c5 41. Rf2 Kh4 42. Rd2 g4 43. Rf2 Rg3+ 44. Kh2 Rxb3 45. axb3 g3+
46. Kg2 gxf2 47. Kxf2 c4 48. Ke3 c3 49. Ke2 Kg4 50. Ke3 Kg3 51. Ke2 Kf4 0-1

[Event "Auckland Anniversary Weekender 2017"]
[Site "Auckland NZL"]
[Date "2017.01.30"]
[Round "6"]
[White "Krstev, Antonio"]
[Black "Runcan, Daniel-Ioan"]
[Result "1-0"]
[WhiteElo "2060"]
[BlackElo "1994"]
[PlyCount "151"]
[EventDate "2017.01.27"]

1. d4 Nf6 2. c4 e6 3. Nc3 Bb4 4. f3 d5 5. a3 Bxc3+ 6. bxc3 c5 7. cxd5 exd5 8.
e3 O-O 9. Bd3 Re8 10. Ne2 Nc6 11. Kf2 Qc7 12. a4 Na5 13. g3 Bd7 14. Ba3 b6 15.
h4 Re7 16. Nf4 Rae8 17. Re1 h6 18. Ra2 g5 19. hxg5 hxg5 20. Ng2 Kg7 21. Rh1 Rh8
22. Rxh8 Kxh8 23. Bb2 c4 24. Bc2 Kg7 25. Ra1 Re8 26. Qe2 Bc6 27. Rh1 Qe7 28.
Qd1 Bd7 29. Qc1 Rh8 30. Rxh8 Kxh8 31. Ba3 Qd8 32. Qb1 Qe8 33. Qb4 Nb7 34. Qe7
Kg7 35. e4 dxe4 36. Qxe8 Bxe8 37. fxe4 Na5 38. Ne3 Bd7 39. Be7 g4 40. e5 Ng8
41. Bb4 Nc6 42. Bd6 f6 43. Nxc4 fxe5 44. Nxe5 Nxe5 45. Bxe5+ Kf7 46. Bb8 a6 47.
Bc7 b5 48. axb5 axb5 49. Ba5 Nf6 50. Bd3 Nd5 51. Bb4 Ke6 52. Ke2 Bc6 53. Kd2
Nf6 54. Ke3 Nd5+ 55. Kf2 Nf6 56. Ba5 Nd5 57. Be2 Kf5 58. Bd3+ Ke6 59. c4 bxc4
60. Bxc4 Kf5 61. Bd3+ Ke6 62. Bd8 Nb4 63. Bh7 Bf3 64. Bg8+ Kf5 65. Ke3 Nd5+ 66.
Kd3 Be4+ 67. Kc4 Ne3+ 68. Kc5 Ba8 69. Bc7 Ke4 70. Bf4 Nf1 71. d5 Bb7 72. Be6
Bxd5 73. Bxd5+ Kf5 74. Kd4 Nh2 75. Be4+ Kf6 76. Ke3 1-0

[Event "Auckland Anniversary Weekender 2017"]
[Site "Auckland NZL"]
[Date "2017.01.30"]
[Round "6"]
[White "Burrows, Grant L"]
[Black "Li, Xiang Wei William"]
[Result "0-1"]
[WhiteElo "1757"]
[BlackElo "2120"]
[PlyCount "42"]
[EventDate "2017.01.27"]

1. e4 c5 2. Nf3 d6 3. d4 cxd4 4. Nxd4 Nf6 5. Nc3 a6 6. Bc4 e6 7. Bb3 Be7 8. O-O
O-O 9. a4 Re8 10. f4 Nbd7 11. f5 Nc5 12. fxe6 fxe6 13. e5 dxe5 14. Nf5 Nxb3 15.
Qxd8 Bxd8 16. Nd6 Nxa1 17. Nxe8 Nxe8 18. Be3 Nxc2 19. Bc5 Nf6 20. Rc1 Nd4 21.
Re1 Bc7 0-1

[Event "Auckland Anniversary Weekender 2017"]
[Site "Auckland NZL"]
[Date "2017.01.30"]
[Round "6"]
[White "Bennett, Hilton P"]
[Black "Qin, Nicole Shu Yu"]
[Result "1/2-1/2"]
[WhiteElo "2055"]
[BlackElo "1557"]
[PlyCount "76"]
[EventDate "2017.01.27"]

1. Nf3 e6 2. g3 d5 3. Bg2 c6 4. d3 Nf6 5. O-O Bd6 6. Nbd2 Nbd7 7. Re1 O-O 8. e4
dxe4 9. dxe4 Ne5 10. Qe2 Nxf3+ 11. Nxf3 e5 12. h3 Qc7 13. Bg5 Nd7 14. Rad1 Nb6
15. c3 f6 16. Bc1 Be6 17. b3 Rad8 18. Be3 a6 19. Kh2 Nc8 20. Nh4 Ne7 21. Rd2 b5
22. Red1 c5 23. Nf3 Nc6 24. Ne1 Be7 25. f3 Rxd2 26. Rxd2 Rd8 27. Rxd8+ Qxd8 28.
Nc2 Qa5 29. Bxc5 Bxc5 30. b4 Qxa2 31. bxc5 Bb3 32. Qd3 Qxc2 33. Qd7 h6 34. Qxc6
Bc4 35. Qc8+ Kh7 36. Qf5+ Kg8 37. Qc8+ Kh7 38. Qf5+ Kg8 1/2-1/2

[Event "Auckland Anniversary Weekender 2017"]
[Site "Auckland NZL"]
[Date "2017.01.30"]
[Round "6"]
[White "Picken, Oliver"]
[Black "Chen, Wei Kai"]
[Result "1-0"]
[WhiteElo "1900"]
[BlackElo "1734"]
[PlyCount "117"]
[EventDate "2017.01.27"]

1. e4 e5 2. Nf3 Nc6 3. Nc3 Bc5 4. Nxe5 Nxe5 5. d4 Bd6 6. dxe5 Bxe5 7. Bd3 c6 8.
O-O Qc7 9. f4 Bd4+ 10. Kh1 Ne7 11. e5 d6 12. exd6 Qxd6 13. Ne4 Qd8 14. Rb1 Be6
15. Bd2 Bxa2 16. Ra1 Bd5 17. Nc3 O-O 18. Nxd5 Qxd5 19. Qg4 f5 20. Qe2 Qd7 21.
Rad1 Qc7 22. Bc4+ Kh8 23. Rf3 Ng8 24. Rh3 Rae8 25. Qf3 Bf6 26. Rf1 b5 27. Ba2
c5 28. Qd3 Qd8 29. Qxf5 Nh6 30. Qd3 Qxd3 31. Rxd3 Rd8 32. Rxd8 Rxd8 33. Bc1 c4
34. c3 Re8 35. Kg1 Bd8 36. Kf2 Ng4+ 37. Kg3 Nf6 38. Bb1 Bc7 39. Kf3 g6 40. g3
Kg7 41. Bd2 Rd8 42. Rd1 Kf7 43. Bc2 a5 44. Be3 Nd5 45. Bc5 Ke6 46. Re1+ Kd7 47.
Be4 Nf6 48. Rd1+ Ke6 49. Rxd8 Bxd8 50. Bc6 b4 51. cxb4 axb4 52. Bxb4 Bb6 53.
Bc3 Ng8 54. g4 Ne7 55. Bb5 Kd5 56. Be8 Ke6 57. Ke4 Bg1 58. h3 Bh2 59. Bb5 1-0

[Event "Auckland Anniversary Weekender 2017"]
[Site "Auckland NZL"]
[Date "2017.01.30"]
[Round "6"]
[White "Peak, Stephen"]
[Black "Mukkattu, Philip"]
[Result "1-0"]
[WhiteElo "1622"]
[BlackElo "1880"]
[PlyCount "69"]
[EventDate "2017.01.27"]

1. e4 c6 2. d4 d5 3. e5 Bf5 4. f4 e6 5. Nf3 Nd7 6. Bd3 Bxd3 7. Qxd3 c5 8. c3
Rc8 9. O-O Ne7 10. Na3 Nf5 11. Nc2 cxd4 12. cxd4 Qb6 13. Kh1 Nb8 14. Ne3 g6 15.
Nxf5 gxf5 16. Rb1 Nc6 17. a3 Bh6 18. b4 O-O 19. Bd2 Ne7 20. Nh4 Qd8 21. b5 Kh8
22. Qe2 Ng8 23. Qh5 Qd7 24. g4 fxg4 25. Qxg4 Rc4 26. Bb4 Rfc8 27. f5 Qe8 28. f6
Bf8 29. Rg1 Nh6 30. Qg3 Rxd4 31. h3 Rdc4 32. Qg5 d4 33. Rb3 a6 34. Rbg3 axb5
35. Qg8+ 1-0

[Event "Auckland Anniversary Weekender 2017"]
[Site "Auckland NZL"]
[Date "2017.01.30"]
[Round "6"]
[White "Li, Rodney Xiang Rei"]
[Black "Lyall, Simon"]
[Result "0-1"]
[WhiteElo "1556"]
[BlackElo "1797"]
[PlyCount "78"]
[EventDate "2017.01.27"]

1. e4 e5 2. Nf3 Nf6 3. d4 Nxe4 4. Bd3 d5 5. Nxe5 Nd7 6. O-O Nxe5 7. dxe5 Nc5 8.
Be2 Bf5 9. Nc3 c6 10. Be3 Ne6 11. Nb1 Bb4 12. c3 Ba5 13. Nd2 O-O 14. Nb3 Bc7
15. Nd4 Be4 16. f4 Qe7 17. Qd2 f6 18. Bg4 Nd8 19. exf6 Qxf6 20. Rf2 Re8 21. Re1
Nf7 22. Ne2 Nh6 23. Bh3 Nf5 24. Bxf5 Qxf5 25. Ng3 Qg6 26. Nxe4 Rxe4 27. Bd4
Rxe1+ 28. Qxe1 Re8 29. Be5 Bb6 30. Kf1 Bxf2 31. Qxf2 Qb1+ 32. Ke2 Qxb2+ 33. Kf3
Qxf2+ 34. Kxf2 Kf7 35. Kf3 g5 36. g3 gxf4 37. gxf4 Kg6 38. Bd4 Kf5 39. Bxa7 Ra8
0-1

[Event "Auckland Anniversary Weekender 2017"]
[Site "Auckland NZL"]
[Date "2017.01.30"]
[Round "6"]
[White "Crombie, William R"]
[Black "Steadman, Mathew"]
[Result "1-0"]
[WhiteElo "1654"]
[BlackElo "1418"]
[PlyCount "75"]
[EventDate "2017.01.27"]

1. e4 d5 2. exd5 Qxd5 3. Nc3 Qd6 4. Nf3 Nf6 5. d4 Bf5 6. Nb5 Qd8 7. Bd3 Bxd3 8.
Qxd3 c6 9. Nc3 Qc7 10. O-O Nbd7 11. Ne2 e6 12. Bf4 Bd6 13. Bxd6 Qxd6 14. c4 O-O
15. Rad1 Rad8 16. Rd2 Qc7 17. Qc2 Rfe8 18. Rfd1 h6 19. b4 e5 20. dxe5 Nxe5 21.
Nxe5 Rxd2 22. Rxd2 Qxe5 23. f3 Qe3+ 24. Kf1 Nh5 25. Qd1 Nf4 26. Nxf4 Qxf4 27.
Rd4 Qxh2 28. Kf2 Qe5 29. Rd8 Qe7 30. Rxe8+ Qxe8 31. Qd4 a6 32. a4 Qe7 33. c5
Kf8 34. Kg3 Qg5+ 35. Kf2 Qd5 36. Qxd5 cxd5 37. b5 a5 38. b6 1-0

[Event "Auckland Anniversary Weekender 2017"]
[Site "Auckland NZL"]
[Date "2017.01.30"]
[Round "6"]
[White "Cooper, Nigel"]
[Black "Ha, Huy Minh (Timothy)"]
[Result "1-0"]
[WhiteElo "1669"]
[BlackElo "1778"]
[PlyCount "89"]
[EventDate "2017.01.27"]

1. f4 d5 2. b3 Nf6 3. Bb2 g6 4. Nf3 Bg7 5. e3 c5 6. Bb5+ Bd7 7. Be2 O-O 8. O-O
Nc6 9. Ne5 Nxe5 10. fxe5 Ne8 11. Bf3 Bc6 12. c4 d4 13. Bxc6 bxc6 14. exd4 cxd4
15. Qe2 Qb6 16. d3 Nc7 17. Nd2 Ne6 18. Nf3 a5 19. Qf2 c5 20. Rae1 Bh6 21. Bc1
Bxc1 22. Rxc1 a4 23. g3 axb3 24. Rb1 Ra3 25. Qb2 Rfa8 26. axb3 Ra2 27. Qc1 Qb4
28. Rf2 Kg7 29. Rbb2 Ra1 30. Rb1 Qxb3 31. Rxa1 Rxa1 32. Qxa1 Qxd3 33. Qf1 Qe3
34. Kg2 h6 35. Nd2 Qxe5 36. Rxf7+ Kg8 37. Rxe7 Nf4+ 38. Qxf4 Qxe7 39. Qe4 Qa7
40. Qxg6+ Kf8 41. Qxh6+ Kg8 42. Ne4 Qb7 43. Qg5+ Kh8 44. Qe5+ Kg8 45. Qd5+ 1-0

[Event "Auckland Anniversary Weekender 2017"]
[Site "Auckland NZL"]
[Date "2017.01.30"]
[Round "6"]
[White "Jacobs, Hilton J"]
[Black "Qin, Oscar Shu Xuan"]
[Result "1/2-1/2"]
[WhiteElo "1740"]
[BlackElo "1254"]
[PlyCount "86"]
[EventDate "2017.01.27"]

1. g3 d5 2. Nf3 Bg4 3. Bg2 Bxf3 4. Bxf3 e6 5. b3 c6 6. Bb2 Nf6 7. e3 Nbd7 8. d4
Bd6 9. Nd2 Nb6 10. a4 a5 11. O-O O-O 12. Re1 Bb4 13. c3 Bd6 14. c4 Bb4 15. c5
Nbd7 16. Rc1 Bxd2 17. Qxd2 Re8 18. Bg2 Qc7 19. f4 Rab8 20. Bc3 b5 21. axb5 Rxb5
22. Qc2 Qb7 23. Rb1 Rb8 24. Ra1 Rxb3 25. Rxa5 Ne4 26. Bxe4 dxe4 27. Rea1 h6 28.
Ra7 Qc8 29. R1a6 Rb1+ 30. Kg2 R1b3 31. h4 Nf6 32. Ra3 Rxa3 33. Rxa3 Qb7 34. Kh3
Qb5 35. Ra1 h5 36. Re1 Ng4 37. Kg2 f5 38. Qa2 Kf7 39. Qa7+ Rb7 40. Qa8 Rb8 41.
Qa7+ Rb7 42. Qa8 Rb8 43. Qa7+ Rb7 1/2-1/2

[Event "Auckland Anniversary Weekender 2017"]
[Site "Auckland NZL"]
[Date "2017.01.30"]
[Round "6"]
[White "McDougall, Euan"]
[Black "Schurr, Richard"]
[Result "1-0"]
[WhiteElo "1586"]
[BlackElo "1265"]
[PlyCount "73"]
[EventDate "2017.01.27"]

1. e4 c5 2. Nf3 d6 3. Nc3 Nc6 4. Bc4 e6 5. d3 Be7 6. O-O Na5 7. Bb5+ Bd7 8.
Bxd7+ Qxd7 9. Re1 c4 10. d4 O-O-O 11. Bd2 Nc6 12. d5 exd5 13. Nxd5 Nf6 14. Bc3
Nxd5 15. exd5 Ne5 16. Nxe5 dxe5 17. Bxe5 f6 18. Bc3 Bc5 19. Qf3 Qxd5 20. Qxd5
Rxd5 21. Re4 Rhd8 22. g3 Bd4 23. Bxd4 Rxd4 24. Rae1 b5 25. Rxd4 Rxd4 26. Re2
Kd7 27. Kg2 b4 28. Kf3 c3 29. bxc3 bxc3 30. Re3 Ra4 31. Rd3+ Ke6 32. Rxc3 Rxa2
33. Ke3 a5 34. Kd2 Kd5 35. Kc1 Ra1+ 36. Kb2 Kd4 37. Rd3+ 1-0

[Event "Auckland Anniversary Weekender 2017"]
[Site "Auckland NZL"]
[Date "2017.01.30"]
[Round "6"]
[White "Wang, Aaron Ziwen"]
[Black "Gao, Hugh"]
[Result "1-0"]
[WhiteElo "1562"]
[BlackElo "1121"]
[PlyCount "103"]
[EventDate "2017.01.27"]

1. c4 e5 2. Nc3 f5 3. d4 exd4 4. Qxd4 Nf6 5. Nf3 Nc6 6. Qd1 Bb4 7. Bd2 d5 8.
cxd5 Nxd5 9. Nxd5 Qxd5 10. Bc3 Qa5 11. Qc2 Be6 12. a3 Bxc3+ 13. Qxc3 Qxc3+ 14.
bxc3 O-O 15. e3 Rad8 16. Nd4 Nxd4 17. cxd4 Bd5 18. Rc1 c6 19. Bc4 Kh8 20. Bxd5
Rxd5 21. Kd2 g6 22. Rb1 b6 23. Rhc1 c5 24. Rb5 f4 25. Ke2 Rh5 26. h3 f3+ 27.
gxf3 Rxh3 28. dxc5 bxc5 29. f4 Re8 30. Rbxc5 Rh4 31. Rc8 Rxc8 32. Rxc8+ Kg7 33.
Rc7+ Kf6 34. Rxa7 h5 35. Ra6+ Kf5 36. Ra5+ Kf6 37. Rg5 Rh1 38. Kf3 Ra1 39. Ra5
Rf1 40. Kg2 Re1 41. Ra8 Re2 42. a4 Ra2 43. a5 Kf5 44. a6 Kg4 45. a7 h4 46. Rg8
h3+ 47. Kh1 Rxa7 48. Rxg6+ Kf5 49. Rg5+ Ke4 50. Rg3 Ra2 51. Kh2 Rxf2+ 52. Kxh3
1-0

[Event "Auckland Anniversary Weekender 2017"]
[Site "Auckland NZL"]
[Date "2017.01.30"]
[Round "6"]
[White "Qiu, Daniel"]
[Black "Wang, Ying"]
[Result "1/2-1/2"]
[WhiteElo "1372"]
[BlackElo "1304"]
[PlyCount "108"]
[EventDate "2017.01.27"]

1. d4 Nf6 2. c4 g6 3. Nc3 Bg7 4. e4 d6 5. Nf3 O-O 6. Be2 c5 7. O-O cxd4 8. Nxd4
Nc6 9. Nf3 b6 10. a3 Bb7 11. Qc2 Qc7 12. h3 Rad8 13. Be3 Na5 14. Nb5 Qb8 15.
Nd2 Rc8 16. Rac1 Ba6 17. a4 Nc6 18. Na3 Bb7 19. Qb1 Nd7 20. b3 a5 21. Nc2 e6
22. Rfd1 f5 23. exf5 exf5 24. Nf3 h6 25. h4 Rce8 26. Kf1 Re7 27. b4 f4 28. Bd4
Nxd4 29. Ncxd4 Be4 30. Qb3 Kh8 31. Bd3 Rfe8 32. Bxe4 Rxe4 33. bxa5 Nc5 34. Qxb6
Qxb6 35. axb6 Nxa4 36. Nb5 Rb8 37. Nxd6 Re7 38. c5 Bc3 39. b7 Rc7 40. Rd5 Bb4
41. c6 Bxd6 42. Rxd6 Nb6 43. Ne5 Kg7 44. Nd7 Rbxb7 45. Nxb6 Rxb6 46. Rd7+ Rxd7
47. cxd7 Rd6 48. Rc7 Kf6 49. Ke2 Ke6 50. Kf3 g5 51. hxg5 hxg5 52. Kg4 Rd5 53.
f3 Ke7 54. Ra7 Ke6 1/2-1/2

[Event "Auckland Anniversary Weekender 2017"]
[Site "Auckland NZL"]
[Date "2017.01.30"]
[Round "6"]
[White "Li, Leo Xiang Yu"]
[Black "Barry, Jacob"]
[Result "0-1"]
[WhiteElo "1337"]
[BlackElo "1220"]
[PlyCount "54"]
[EventDate "2017.01.27"]

1. e4 e5 2. Nf3 Nc6 3. Bc4 h6 4. d4 exd4 5. Nxd4 Nf6 6. Nc3 Bb4 7. O-O O-O 8.
Re1 Re8 9. Nxc6 bxc6 10. Bd2 Bxc3 11. Bxc3 Nxe4 12. Qf3 d5 13. Bd3 Nxc3 14.
bxc3 Rxe1+ 15. Rxe1 Be6 16. c4 Qg5 17. cxd5 Bxd5 18. Qh3 Kf8 19. c4 Be6 20. Qf3
Re8 21. Qxc6 Qd2 22. Qe4 Bd7 23. Re2 Qd1+ 24. Re1 Qxe1+ 25. Qxe1 Rxe1+ 26. Bf1
Bf5 27. g3 Bh3 0-1

[Event "Auckland Anniversary Weekender 2017"]
[Site "Auckland NZL"]
[Date "2017.01.30"]
[Round "6"]
[White "Welsh, James"]
[Black "Ning, Isabelle"]
[Result "0-1"]
[WhiteElo "1430"]
[BlackElo "1139"]
[PlyCount "80"]
[EventDate "2017.01.27"]

1. e4 c5 2. Nf3 e6 3. d4 cxd4 4. Nxd4 a6 5. Bd3 Qc7 6. O-O Nf6 7. Qe2 d6 8. c4
Nc6 9. Be3 b6 10. Nc3 Bb7 11. f4 Be7 12. f5 e5 13. Nc2 O-O 14. Nd5 Nxd5 15.
exd5 Nb8 16. Qg4 Kh8 17. Rac1 Nd7 18. Rf3 Nf6 19. Qh3 e4 20. Bxe4 Nxe4 21. Nd4
Rfe8 22. b3 Bf6 23. Rff1 Rac8 24. Nf3 Nc3 25. Rfe1 Nxa2 26. Rc2 Nc3 27. Qg3
Nxd5 28. Qf2 Nxe3 29. Rxe3 Rxe3 30. Qxe3 Bxf3 31. Qxf3 Qc5+ 32. Kh1 Re8 33. Re2
Qc8 34. Qc6 Be5 35. Rxe5 dxe5 36. Qxb6 Qxf5 37. h3 e4 38. Qc6 Qe5 39. Qxa6 e3
40. Qa1 Qxa1+ 0-1

[Event "Auckland Anniversary Weekender 2017"]
[Site "Auckland NZL"]
[Date "2017.01.30"]
[Round "6"]
[White "Shinil, Anan"]
[Black "Xie, Felix"]
[Result "1/2-1/2"]
[WhiteElo "1156"]
[BlackElo "1036"]
[PlyCount "108"]
[EventDate "2017.01.27"]

1. e4 e6 2. c4 Nc6 3. Nc3 Nge7 4. Nf3 d5 5. cxd5 exd5 6. exd5 Nxd5 7. Nxd5 Qxd5
8. Be2 Bd6 9. b3 O-O 10. Bb2 Re8 11. O-O Bg4 12. h3 Bh5 13. Re1 Bf4 14. Bc3
Rad8 15. g3 Bh6 16. Rb1 Bxf3 17. Bxf3 Rxe1+ 18. Qxe1 Qxf3 19. b4 b5 20. Qf1 a6
21. a4 Rd5 22. Qe1 Kf8 23. axb5 axb5 24. Ra1 Rd8 25. Qf1 Qd5 26. h4 Bxd2 27.
Bxd2 Qxd2 28. Qxb5 Qd5 29. Qb7 Ne5 30. Qxc7 Nf3+ 31. Kg2 Nxh4+ 32. Kh3 Qd7+ 33.
Qxd7 Rxd7 34. Kxh4 Rb7 35. Rb1 Ke7 36. Kg4 Ke6 37. Kf4 Kd5 38. Ke3 f5 39. Kf4
Ke6 40. b5 Kf6 41. b6 g5+ 42. Kf3 h5 43. Rb5 Kg6 44. Kg2 Kf6 45. Kh3 Kg6 46. f4
gxf4 47. gxf4 Kf6 48. Kh4 Kg6 49. Rb1 Kh6 50. Rb5 Kg6 51. Rb1 Kh6 52. Kg3 Kg6
53. Rb5 Kf6 54. Rb3 Kg6 1/2-1/2